| 000 | 01226nmc a2200409 a 4500 | ||
|---|---|---|---|
| 003 | AR-BaBNM | ||
| 005 | 20251128205506.0 | ||
| 008 | 107119s1994 ||||||||||||||000 | spa|| | ||
| 020 | _a84-7827-105-8 | ||
| 040 | _cAR-BaBNM | ||
| 245 | 1 | 0 |
_aEstrategias de enseñanza y aprendizaje _bformación del profesorado y aplicación en la escuela |
| 250 | _a1ª ed. | ||
| 260 |
_aBarcelona _bGraó _c1994 |
||
| 300 |
_a192 p. _btablas |
||
| 490 | 0 |
_aEl lápiz _vv. 10 |
|
| 504 | _aBibliografía: p. 185-191 | ||
| 650 | 4 | _aFORMACION DE DOCENTES | |
| 650 | 4 | _aCURRICULO | |
| 650 | 4 | _aDESARROLLO DE DESTREZAS | |
| 650 | 4 | _aDESARROLLO COGNOSCITIVO | |
| 650 | 4 | _aTEORIAS DEL APRENDIZAJE | |
| 650 | 4 | _aTECNICAS DE ENSENANZA | |
| 650 | 4 | _aDIDACTICA | |
| 650 | 4 | _aRELACION ALUMNO-DOCENTE | |
| 650 | 4 | _aRENDIMIENTO DEL ALUMNO | |
| 650 | 4 | _aEVALUACION DEL ALUMNO | |
| 650 | 4 | _aMETODOS DE EVALUACION | |
| 653 | _aPROCESO DE ENSENANZA-APRENDIZAJE | ||
| 700 | 1 |
_aMonereo Font, Carles _ecoordinador |
|
| 700 | 1 | _aCastelló, Montserrat | |
| 700 | 1 | _aClariana, Mercé | |
| 700 | 1 | _aPalma, Montserrat | |
| 700 | 1 | _aPérez Cabaní, Maria Luisa | |
| 800 | 1 |
_aPujol, María _edirector |
|
| 942 | _cBK | ||
| 998 | _csilvi | ||
| 999 |
_c11612 _d11612 |
||